00381nam a2200157Ia 4500008004100000020002200041041000800063082001400071100001700085245001900102250001200121260004800133300001000181500001800191650001400209260520s2024 xx 000 0 und d a978-93-6053-763-0 aeng a338.5/ARN aArnold , R A aMicroeconomics a14th ed aDELHIbCENGAGE LEARNING INDIA PVT LTDc2024 a566p. aCat No: 14982 aECONOMICS